| 000 | 00425nam a22001697a 4500 | ||
|---|---|---|---|
| 003 | OSt | ||
| 005 | 20211226144330.0 | ||
| 008 | 211226b |||||||| |||| 00| 0 eng d | ||
| 020 | _a0947885412 | ||
| 040 | _cHU | ||
| 082 | _a371.3028HAB1994 | ||
| 100 |
_a Habeshaw, Trevor _922177 |
||
| 245 | _aTwelve do-it-yourself staff development excercises | ||
| 260 | _c1994 | ||
| 300 |
_a142P _bPC _c25cm |
||
| 942 |
_2ddc _cBOOKS _n0 |
||
| 999 |
_c24156 _d24156 |
||